|
|
|
|
| LEADER |
00000nam0a2200000 4500 |
| 001 |
338068 |
| 005 |
20231102005019.0 |
| 035 |
|
|
|a (RuTPU)RU\TPU\book\364556
|
| 090 |
|
|
|a 338068
|
| 100 |
|
|
|a 20171117d1975 km y0rusy50 ca
|
| 101 |
1 |
|
|a rus
|c jpn
|
| 102 |
|
|
|a RU
|
| 105 |
|
|
|a a z 001zy
|
| 200 |
1 |
|
|a Пособие по применению промышленных роботов
|e пер. с яп.
|f под ред. К. Нода, П. Н. Белянина
|
| 210 |
|
|
|a Москва
|c Мир
|d 1975
|
| 215 |
|
|
|a 451 с.
|c ил.
|
| 320 |
|
|
|a Библиогр.: с. 447
|
| 606 |
1 |
|
|a Роботы промышленные
|2 stltpush
|3 (RuTPU)RU\TPU\subj\72894
|9 86249
|
| 610 |
1 |
|
|a автоматизация
|
| 610 |
1 |
|
|a Япония
|
| 610 |
1 |
|
|a определение
|
| 610 |
1 |
|
|a внедрение
|
| 610 |
1 |
|
|a системотехника
|
| 610 |
1 |
|
|a функции
|
| 610 |
1 |
|
|a эксплуатация
|
| 610 |
1 |
|
|a применение
|
| 610 |
1 |
|
|a разработка
|
| 610 |
1 |
|
|a управление
|
| 610 |
1 |
|
|a потребители
|
| 610 |
1 |
|
|a изготовители
|
| 610 |
1 |
|
|a конструкция
|
| 610 |
1 |
|
|a методы
|
| 675 |
|
|
|a 621.865.8
|v 4
|
| 702 |
|
1 |
|a Нода
|b К.
|c Кацухико
|4 340
|
| 702 |
|
1 |
|a Белянин
|b П. Н.
|4 340
|
| 801 |
|
1 |
|a RU
|b 63413507
|c 20171117
|
| 801 |
|
2 |
|a RU
|b 63413507
|c 20220512
|g RCR
|
| 942 |
|
|
|c BK
|